[Event "ESP-chT Autonomicas 4th"]
[Site "Villava"]
[Date "2009.05.02"]
[Round "4"]
[White "Martin Alvarez, Inigo"]
[Black "Martinez Fernandez de Arc, Ignacio"]
[Result "0-1"]
[WhiteElo "2236"]
[BlackElo "2206"]
[PlyCount "102"]
[EventDate "2009.04.30"]
[EventType "team-tourn"]
[EventRounds "6"]
[EventCountry "ESP"]
[SourceTitle "CBM 130 Extra"]
[Source "ChessBase"]
[SourceDate "2009.07.02"]
[SourceVersion "2"]
[SourceVersionDate "2009.07.15"]
[SourceQuality "1"]

1. e4 c5 2. Nf3 e6 3. d4 cxd4 4. Nxd4 Nc6 5. Nc3 Qc7 6. Be3 a6 7. Qd2 Nf6 8. 0-0-0 Bb4 9. f3 0-0 10. g4 b5 11. g5 Ne8 12. Kb1 Bb7 13. h4 Rc8 14. Nxc6 Bxc6 15. h5 d5 16. g6 dxe4 17. h6 fxg6 18. Bh3 Qf7 19. fxe4 Bxe4 20. Rdf1 Bf5 21. Bxf5 exf5 22. Bd4 Nf6 23. hxg7 Rfd8 24. Qf4 Rc4 25. Ne2 Bc5 26. Rd1 Bxd4 27. Rxd4 Rcxd4 28. Nxd4 Kxg7 29. Re1 Kg8 30. Nc6 Re8 31. Rg1 Qd7 32. Nd4 Re4 33. Qb8+ Kg7 34. Nf3 g5 35. Nxg5 Rd4 36. b3 Rd1+ 37. Rxd1 Qxd1+ 38. Kb2 Qd4+ 39. Kb1 Qd1+ 40. Kb2 Qd4+ 41. Kb1 Kh6 42. Ne6 Qe5 43. Qf8+ Kh5 44. Qe7 Ng4 45. Qxh7+ Nh6 46. Nf8 Qf6 47. Nd7 Qf7 48. Qxf7+ Nxf7 49. Kc1 Kh4 50. c4 bxc4 51. bxc4 f4 0-1